Pääkaupungit kirjaimittain - V - Statistics

Yleistilastot
  • Tätä visaa on pelattu 1 626 kertaa
  • Keskiarvotulos 5 / 7
Vastaustilastot
Valtio Vastaus % Oikein
Liettua Vilna
88%
Puola Varsova
86%
Malta Valletta
80%
Vatikaanivaltio Vatikaani
80%
Liechtenstein Vaduz
75%
Laos Vientiane
52%
Seychellit Victoria
37%
Ehtoja vastaavia visoja ei löytynyt
Tulosjakauma
Jokaisen tuloksen saaneiden osuus
Persentiili vastausten määrän mukaan
Tuloshistoriasi
Et ole pelannut tätä visaa